| 000 | 00467nam a2200169Ia 4500 | ||
|---|---|---|---|
| 008 | 230711s9999||||xx |||||||||||||| ||und|| | ||
| 020 | _a978-81-8320-574-0 | ||
| 041 | _aENG | ||
| 082 |
_a331.128 _bST-P |
||
| 100 | _aStudent Aid Publications | ||
| 245 | 0 |
_aPlacement Agencies _bPlacement COnsultancies: How to get the job you want |
|
| 250 | _a13th Ed. | ||
| 260 |
_c2017 _aDelhi _bStudent Aid Puclications |
||
| 300 | _a140p. | ||
| 650 | _aLiterature | ||
| 942 | _cBK | ||
| 999 |
_c6828 _d6828 |
||